| 000 | 00863nas a2200265 4500 | ||
|---|---|---|---|
| 001 | BR9103251 | ||
| 003 | BR-BrBNA | ||
| 005 | 20231205092056.0 | ||
| 007 | ta | ||
| 008 | 230509b bl.|||p| |||| 00| 00por d | ||
| 040 |
_aBR-BrBNA _bpor _cBiblioteca Nacional de Agricultura |
||
| 041 | _a(Pt) | ||
| 072 | _aE14 | ||
| 100 | 1 | _aAlves Netto, F. | |
| 245 | 1 | _aMeio milhao de quilometros quadrados de terras mal aproveitas; o rio Tocantins e o nordeste [desenvolvimento economico, projeto agricola] | |
| 650 | _aDESENVOLVIMENTO ECONOMICO | ||
| 650 | _aNIVEL DE VIDA | ||
| 650 | _aPROJETO AGRICOLA | ||
| 650 | _aIRRIGACAO | ||
| 650 | _aRIO TOCANTINS | ||
| 650 | _aREGIAO NORDESTE | ||
| 773 | 0 |
_tRevista dos Criadores (Brazil) _xISSN 0034-9259 _g(Jul 1990), v. 60(726) p. 18-19 _wBR9103251 |
|
| 909 |
_a202311 _bLúcia _c55 _dLúcia Elande |
||
| 942 |
_2AGRIS _n0 _cANA |
||
| 999 |
_c129144 _d129144 |
||